Alam dan penyebaran Bahasa Melayu
| Main Author: | |
|---|---|
| Format: | Book |
| Published: |
Kuala Lumpur :
Dewan Bahasa Dan Pustaka ,
2005
|
| Series: | Siri Monograf Sejarah Bahasa Melayu
|
| Subjects: |
MARC
| LEADER | 00000cam a2200000 7i4500 | ||
|---|---|---|---|
| 001 | 0000093489 | ||
| 005 | 20050801.0 | ||
| 020 | |a 983628740X | ||
| 090 | 0 | 0 | |a 499.238 |b ASM |
| 100 | 0 | |a Asmah Haji Omar | |
| 245 | 1 | 0 | |a Alam dan penyebaran Bahasa Melayu |c Asmah Haji Omar |
| 260 | |a Kuala Lumpur : |b Dewan Bahasa Dan Pustaka , |c 2005 | ||
| 300 | |a 89p. ; |c 20cm. | ||
| 490 | 0 | |a Siri Monograf Sejarah Bahasa Melayu | |
| 650 | 0 | 0 | |a Malay language |x History and criticism |
| 650 | 0 | 0 | |a Malay language |x Usage |
| 999 | |a 00185438 |b BUKU |c PINJAMAN |e PERPUSTAKAAN KOMUNITI PETALING JAYA | ||